• 首页
  • 本馆介绍
  • 公告通知
  • 最新文献
  • 馆藏检索
  • 电子资源
  • 读者导购
  • 参考咨询
  • 我的图书馆
  • 登录
  • 详细信息显示
  • 放入我的书架
  • 预约/预借图书
  • 作者相关作品
  • 分类相关作品
  • 丛书相关作品
  • 出版社相关作品

书目信息

  • 表格格式
  • 工作单格式
  • 卡片格式
题名:
监察权限与程序案例指导
    
 
作者: 《监察权限与程序案例指导》编写组 编写
分册:  
出版信息: 北京   中国方正出版社  2019.11
页数: 315页
开本: 20cm
丛书名:
单 册:
中图分类: D922.114.5
科图分类:
主题词: 法律--中国
电子资源:
ISBN: 7-5174-0764-3
000 00778nam0 2200205 450
001 2559884539
005 20251215164023.00
010    @a7-5174-0764-3@dCNY26.00
100    @a20251215d2019 km y0chiy0120 ea
101 0  @achi
102    @aCN@b110000
102    @aCN
200 1  @a监察权限与程序案例指导@AJian Cha Quan Xian Yu Cheng Xu An Li Zhi Dao@f《监察权限与程序案例指导》编写组编写@F《Jian Cha Quan Xian Yu Cheng Xu An Li Zhi Dao》Bian Xie Zu Bian Xie
210    @a北京@c中国方正出版社@d2019.11
215    @a315页@d20cm
606 0  @a法律@x中国
690    @aD922.114.5@v4
701  0 @a《监察权限与程序案例指导》编写组@A《Jian Cha Quan Xian Yu Cheng Xu An Li Zhi Dao》Bian Xie Zu@4编写
801  0 @aCN@b大连网信软件有限公司图书馆·11@c20251215
905    @aZUCC@dD922.114.5@e2558
    
    监察权限与程序案例指导/《监察权限与程序案例指导》编写组编写.-北京:中国方正出版社,2019.11
    315页;20cm
    
    
    ISBN 7-5174-0764-3:CNY26.00
    
●
相关链接 在E读中查询图书 在五车中查询图书 在当当中查询图书 在豆瓣中查询图书


正题名:监察权限与程序案例指导     索取号:D922.114.5/2558         预约/预借

序号 登录号 条形码 馆藏地/架位号 状态 备注
1 1442057   214420571   第一样本阅览室/ [索取号:D922.114.5/2558] 在馆    
2 1442058   214420580   第一借阅区/ [索取号:D922.114.5/2558] 在馆    
唐山师范学院图书馆 欢迎您!
大连网信软件有限公司© 版权所有